Feed and feeding of fish and shrimp : A manual on the preparation and presentation of compound feeds for shrimp and fish in aquaculture

This manual is intended to be an easy-to-read guide to the selection manufacture, storage, and use of feed in small-scale aquaculture. It concentrates on feed for fingerling fish and postlarval shrimp/prawns up to market-size animals, it does not cover hatchery or live feeds, or fertilization techni...

Полное описание

Сохранить в:
Библиографические подробности
Главный автор: New, Michael B.
Формат:
Язык:Undetermined
Опубликовано: Rome FAO 1987
Предметы:
Метки: Добавить метку
Нет меток, Требуется 1-ая метка записи!
Thư viện lưu trữ: Trung tâm Học liệu Trường Đại học Cần Thơ
LEADER 00998nam a2200217Ia 4500
001 CTU_160332
008 210402s9999 xx 000 0 und d
082 |a 639 
082 |b N532 
100 |a New, Michael B. 
245 0 |a Feed and feeding of fish and shrimp : 
245 2 |b A manual on the preparation and presentation of compound feeds for shrimp and fish in aquaculture 
245 0 |c Michael B. New 
260 |a Rome 
260 |b FAO 
260 |c 1987 
520 |a This manual is intended to be an easy-to-read guide to the selection manufacture, storage, and use of feed in small-scale aquaculture. It concentrates on feed for fingerling fish and postlarval shrimp/prawns up to market-size animals, it does not cover hatchery or live feeds, or fertilization techniques, which are the subject of other FAO manuals. 
650 |a Fishes,Shrimps 
650 |x Feeding and feeds,Feeding and feeds 
904 |i Bạch Trúc 
980 |a Trung tâm Học liệu Trường Đại học Cần Thơ